O enigma dos gatos brancos (Record no. 45801)

MARC details
000 -Etiqueta do registo
Valores 00644nam a2200217 4500
100 ## - Dados gerais de processamento
Dados gerais 19990108f19481950m y0pory50030103ba
101 1# - Língua de publicação
Língua por
102 ## - País de publicação
País PT
200 1# - Titulo e menção de responsabilidade
Título próprio O enigma dos gatos brancos
Primeira menção de responsabilidade Edgard Newilte
Outras menções de responsabilidade versão de Manuel Morais
210 #9 - Publicação
Local de publicação Lisboa
Nome do editor Romano Torres,
Data de publicação [194-]
215 ## - Descrição física 
Paginação / Volumes 181, [11] p.
Dimensões 20 cm
225 2# - Colecção 
Título próprio da colecção Grandes mistérios, grandes aventuras
Indicação de volume 40
304 ## - Nota relativa ao título
Texto de nota Tít. orig.: The foolish man of white cats
317 ## - Nota de proveniência
Texto da nota Arquivo da Editora Romano Torres
675 ## - CDU
Notação 821.111(73)-31
700 #1 - Autor principal
Apelido Newilte,
Nome Edgard
702 #1 - Autor secundário
Apelido Morais,
Nome Manuel
Função 730
801 #0 - Fonte de origem
País PT
Agência BN
Regras de catalogação RPC
990 ## - Elementos KOHA
Tipo de documento Livro
Holdings
Aquisição Empréstimo Código de barras Cota Permissão de empréstimo Tipo de documento
Biblioteca Municipal de Redondo Biblioteca Municipal de Redondo 057034 821.111(73)-3 NEU   Livro

Powered by Koha